000 00442nam a2200157 4500
001 131575
003 ES-MaACL
005 20230906194016.0
007 t|
008 070214s1908 cu r ||||1| spa d
100 1 _aRodríguez de Armas, Rodolfo.
_998439
245 1 4 _aLas hermanas Rosell /
_cRodolfo Rodríguez de Armas.
260 _aLa Habana :
_bLa Moderna Poesía,
_c1908.
300 _a328 p. ;
_c21 cm.
852 _aES-MaACL
_jG-13035
999 _c131575
_d131575